ბათუმის შოთა რუსთაველის სახელმწიფო უნივერსიტეტის ბიბლიოთეკა

Теоретическая механика (ბიბ.ჩანაწერი № 48047)

000 -LEADER
fixed length control field 00557nam a2200205Ia 4500
001 - CONTROL NUMBER
control field 14927
003 - CONTROL NUMBER IDENTIFIER
control field GE_BSU
008 - FIXED-LENGTH DATA ELEMENTS--GENERAL INFORMATION
fixed length control field 181216s||||||||xx |||||||||||||| ||und||
040 ## - CATALOGING SOURCE
Transcribing agency GE_BSU
080 ## - UNIVERSAL DECIMAL CLASSIFICATION NUMBER
Universal Decimal Classification number 531(075.32)
100 ## - MAIN ENTRY--PERSONAL NAME
Personal name Бычков,Д.В. Миров,М.О.
245 ## - TITLE STATEMENT
Title Теоретическая механика
245 ## - TITLE STATEMENT
Statement of responsibility, etc. Ред.Т.М.Минаева
260 ## - PUBLICATION, DISTRIBUTION, ETC.
Place of publication, distribution, etc. Москва
260 ## - PUBLICATION, DISTRIBUTION, ETC.
Name of publisher, distributor, etc. Высшая школа
260 ## - PUBLICATION, DISTRIBUTION, ETC.
Date of publication, distribution, etc. 1976
300 ## - PHYSICAL DESCRIPTION
Extent 240стр.20см.
653 ## - INDEX TERM--UNCONTROLLED
Uncontrolled term Теоретическая механика
942 ## - ADDED ENTRY ELEMENTS (KOHA)
Koha item type წიგნი
ეგზემპლარები
Withdrawn status Lost status Damaged status Not for loan Date acquired Barcode Date last seen Price effective from Koha item type
        2018-12-17 18107 2018-12-17 2018-12-17 წიგნი